| Поле | Название | Значение |
| |
Тип записи |
c |
| |
Библиографический уровень |
m |
| 001 |
Контрольный номер |
UONB/NOTY/ccec4673ff2f4af291ba9de3caf40bae |
| 005 |
Дата корректировки |
20250520122549.8 |
| 010 |
Индекс ISBN |
__ |
| 9 |
Тираж |
3000 экз. |
| 013 |
Номер (ISMN) |
__ |
| d |
Цена |
35 к. |
| 071 |
Издательские номер (звукозапись и ноты) |
21 |
| a |
Номер, присвоенный агентством |
7886 |
| 100 |
Данные общей обработки |
__ |
| a |
Данные общей обработки |
20220714d1987 u##y0rusy0189## ca |
| 101 |
Язык документа |
0_ |
| a |
Язык текста |
rus |
| f |
Язык титульного листа |
rus |
| 102 |
Страна публикации |
__ |
| a |
Страна публикации |
RU |
| 125 |
Кодированные данные звукозаписи и нотных изданий |
__ |
| a |
Форма изложения нотного текста |
е |
| 128 |
Кодированные данные (звукозаписи-физические характеристики) |
__ |
| a |
Кодированные данные: Музыкальная форма и тональность или лад |
ft |
| a |
Кодированные данные: Музыкальная форма и тональность или лад |
sg |
| b |
Инструменты или голоса, необходимые для ансамблей (устаревшее) |
ое |
| 200 |
Заглавие и сведения об ответственности |
1_ |
| a |
Заглавие |
Праздник Октября |
| e |
Сведения, относящиеся к заглавию |
для эстрадного ансамбля |
| 203 |
Вид содержания и тип средства |
__ |
| a |
Вид содержания |
Музыка |
| b |
Характеристика содержания |
знаковая |
| c |
Тип средства |
непосредственная |
| 208 |
Область специфических сведений: ноты |
__ |
| a |
Форма изложения нотного текста |
Дирекцион |
| 210 |
Выходные данные |
1_ |
| a |
Место издания |
Москва |
| c |
Издательство |
Советский композитор |
| d |
Дата издания |
1987 |
| 215 |
Физическое описание |
__ |
| a |
Объем |
48 с. |
| d |
Формат |
21 см |
| 300 |
Общие примечания |
__ |
| a |
Общие примечания |
Сборник посвящается 70-летию Великого Октября |
| 327 |
Примечание о содержании |
11 |
| a |
Примечание о содержании |
Содерж. : Королев И. Фантазия на темы революционных песен. - Пахмутова А. Под знаменем Родины / сл. Н. Добронравова ; инструм. В. Кожевникова. - Крылатов Е. Земле моей / сл. Р. Рождественского ; инструм. В. Черепанова. - Струве Г. Вечная Русь / сл. К. Ибряева ; инструм. В. Черепанова. - Кожевников В. Фантазия : на темы песен, посвященных Великому Октябрю. |
| 464 |
Аналитический уровень |
_0 |
| 1 |
|
700 1 |
| a |
|
Королев |
| b |
|
И. |
| 1 |
|
2001 |
| a |
|
Фантазия на темы революционных песен |
| 464 |
Аналитический уровень |
_0 |
| 1 |
|
700 1 |
| a |
|
Пахмутова |
| b |
|
А. |
| 1 |
|
702 1 |
| a |
|
Добронравов |
| b |
|
Н. |
| 4 |
|
520 |
| 1 |
|
702 1 |
| a |
|
Кожевников |
| b |
|
В. |
| 4 |
|
903 |
| 1 |
|
2001 |
| a |
|
Под знаменем Родины |
| 1 |
|
036 |
| t |
|
Ты вспомни, страна Россия... |
| 464 |
Аналитический уровень |
_0 |
| 1 |
|
700 1 |
| a |
|
Крылатов |
| b |
|
Е. |
| 1 |
|
702 1 |
| a |
|
Рождественский |
| b |
|
Р. |
| 4 |
|
520 |
| 1 |
|
702 1 |
| a |
|
Черепанов |
| b |
|
В. |
| 4 |
|
903 |
| 1 |
|
2001 |
| a |
|
Земле моей |
| 1 |
|
036 |
| t |
|
Всегда во мне... |
| 464 |
Аналитический уровень |
_0 |
| 1 |
|
700 1 |
| a |
|
Струве |
| b |
|
Г. |
| 1 |
|
702 1 |
| a |
|
Ибряев |
| b |
|
К. |
| 4 |
|
520 |
| 1 |
|
702 1 |
| a |
|
Черепанов |
| b |
|
В. |
| 4 |
|
903 |
| 1 |
|
2001 |
| a |
|
Вечная Русь |
| 1 |
|
036 |
| t |
|
Если горем, обидою сердце вдруг переполнится... |
| 464 |
Аналитический уровень |
_0 |
| 1 |
|
700 1 |
| a |
|
Кожевников |
| b |
|
В. |
| 1 |
|
2001 |
| a |
|
Фантазия |
| e |
|
на темы песен, посвященных Великому Октябрю |
| 512 |
Заглавие обложки |
1_ |
| a |
Заглавие обложки |
Праздник Октября |
| 606 |
Тематические рубрики |
0_ |
| a |
Основная рубрика |
Эстрадные ансамбли |
| x |
Основная подрубрика |
Песни советских композиторов |
| x |
Основная подрубрика |
Фантазии |
| 610 |
Ключевые слова |
0_ |
| a |
Ключевые слова |
эстрадные ансамбли; песни советских композиторов; фантазии |
| 686 |
Индексы других классификаций |
__ |
| a |
Классификационный индекс |
85.952.18(2)я43П |
| 2 |
Код системы |
rubbk |
| 801 |
Источник записи |
_0 |
| a |
Страна |
RU |
| b |
Организация |
Ульяновская ОНБ |
| c |
Дата составления |
20220714 |
| g |
Правила каталогизации |
RCR |
| 801 |
Источник записи |
_1 |
| a |
Страна |
RU |
| b |
Организация |
Ульяновская ОНБ |
| c |
Дата составления |
20220714 |
| g |
Правила каталогизации |
RCR |
| 901 |
Тип документа |
__ |
| t |
Тип документа |
m |
| 909 |
Создатель записи |
__ |
| a |
Создатель записи |
Грязнова И. Е. |